Зміна значення слів у процесі запозичення з французької мови в англійську. (Запис № 282535)

МАРК-запис
000 -LEADER
fixed length control field 01545nam a22001577a 4500
041 ## - LANGUAGE CODE
Language code of text/sound track or separate title ukr
080 ## - UNIVERSAL DECIMAL CLASSIFICATION NUMBER
Universal Decimal Classification number 09
090 ## - LOCALLY ASSIGNED LC-TYPE CALL NUMBER (OCLC); LOCAL CALL NUMBER (OCLC)
Local cutter number (OCLC) ; Book number/undivided call number, CALL (RLIN) ДРУ
100 ## - MAIN ENTRY--PERSONAL NAME
Personal name Друк О. С.
245 ## - TITLE STATEMENT
Title Зміна значення слів у процесі запозичення з французької мови в англійську.
260 ## - PUBLICATION, DISTRIBUTION, ETC. (IMPRINT)
Place of publication, distribution, etc Острог
Name of publisher, distributor, etc КАФ
Date of publication, distribution, etc 2004
300 ## - PHYSICAL DESCRIPTION
Extent 65
520 ## - SUMMARY, ETC.
Summary, etc Розділ І. Слово та його значення.<br/>1.1.Семасіологія наука про значення слова.<br/>1.2.Лексичне значення слова.<br/>1.3.Зміна семантики лексичних одиниць.<br/>1.3.1.Причини зміни семантичної структури слів.<br/>1.3.2.Класифікація змін лексичного значення слова.<br/>Розділ ІІ. Зміна значень слів у процесі запозичення з французької мови в англійську.<br/>2.1.Процес запозичення французьких слів в англійську мову.<br/>2.2.Семантичний розвиток запозичених лексем в англійській мові.<br/>2.3.Процес зміни семантики французьких запозичень та власне англійських слів на прикладі роману О.Уайльда "Портрет Доріана Грея".
-- семасіологія,запозичення,семантика
650 ## - SUBJECT ADDED ENTRY--TOPICAL TERM
Topical term or geographic name as entry element Research Papers
942 ## - ADDED ENTRY ELEMENTS (KOHA)
Koha item type Книги
Фонди
Withdrawn status Lost status Source of classification or shelving scheme Damaged status Not for loan Home library Current library Date acquired Source of acquisition Coded location qualifier Cost, normal purchase price Total Checkouts Full call number Barcode Date last seen Price effective from Koha item type
    Universal Decimal Classification     ВІЛ - Відділ іноземн. літератури НБ ВІЛ - Відділ іноземн. літератури НБ 08/08/2005 Акт B31 1.00   09 210097 20/12/2021 16/12/2004 Книги